Statistiques concernant Pokémon de 70,0 à 99,9 kg

Cliquez ici pour prendre le quiz!

Statistiques générales

  • Ce quiz a été pris 4 fois
  • Le résultat moyen est 6 sur 70

Statistiques - réponses

Poids (en kg) Pokémon % Correct
90,5Dracaufeu
50%
75,6Hypnomade
50%
85,5Tortank
50%
95,0Galopa
50%
80,0Kangourex
25%
82,0Tarenbulle
25%
82,8Quartermac
25%
85,2Dodrio
25%
86,4Makuhita
25%
90,0Otaria
25%
96,3Crocorible
25%
97,0Boskara
25%
95,2Terhal
25%
92,9Darumacho
25%
79,0Méga-Ptéra
25%
92,0Gringolem
25%
88,4Tauros
25%
81,9Laggron
25%
75,5Écrémeuh
25%
76,0Gouroutan
25%
75,0Nostenfer
0%
90,0Blindépique
0%
91,0Chevroum
0%
88,8Sharpedo
0%
72,0Embrylex
0%
88,8Aligatueur
0%
85,6Cresselia
0%
87,0Bétochef
0%
87,6Phogleur
0%
75,0Maraiste
0%
71,5Groret
0%
71,2Cerfrousse
0%
70,0Bacabouh
0%
96,0Golgopathe
0%
97,0Tarinor
0%
70,0Scalproie
0%
99,5Grelaçon
0%
70,5Machopeur
0%
95,0Méga-Carchacrok
0%
94,5Frison
0%
94,6Clamiral
0%
71,0Desséliande
0%
95,0Carchacrok
0%
92,5Haydaim
0%
76,5Tutankafer
0%
80,4Chartor
0%
80,0Avaltout
0%
80,5Ohmassacre
0%
80,5Magearna
0%
81,0Mégapagos
0%
80,0Staross
0%
78,2Ékaïser
0%
78,5Flagadoss
0%
79,5Typhlosion
0%
79,5Roigada
0%
79,5Zéblitz
0%
81,0Cliticlic
0%
81,1Zoroark
0%
83,0Félinferno
0%
76,6Akwakwak
0%
84,0Brouhabam
0%
84,5Pingoléon
0%
85,0Bruyverne
0%
82,5Genesect
0%
77,4Cacturne
0%
81,5Némélios
0%
81,5Kravarech
0%
70,0Méga-Latios
0%
82,0Libégon
0%
78,6Froussardine (Forme Banc)
0%

Distribution des résultats

Percentile by Number Answered

% des personnes avec chaque résultat

Votre développement - résultats

Vous n’avez pas pris ce quiz